02649cam a2200397 i 4500952013500000952013500135999001700270001000900287003000400296005001700300008004100317010001700358020001800375035002400393040008100417042001400498050002100512082002300533100004100556245004500597264003800642300001700680336002600697337002800723338002700751490005600778504005100834505106600885650004701951650003801998650003702036655003902073830005002112906004502162942004402207 00102ddc40708ISLAMaMESbMEScISLd2019-02-20g695.00l0o297.092 MEL/Ap38827r2019-02-20 00:00:00t2w2019-02-20yBKzGL49R4 00102ddc40708ISLAMaMESbMEScISLd2019-02-20g595.00l0o297.092 MEL/Ap38192r2019-02-20 00:00:00t1w2019-02-20yBKzGL49R4 c23248d2324818816818OSt20200515090756.0151014s2015 gau b 001 0 eng d a 2015954883 a9781851684076 a(OCoLC)ocn914088568 aYDXCPbengcoclcerdadBTCTAdOCLCQdEYMdOCLCOdUABdOCLCFdYULAWdIPSdDLC alccopycat00aBP25b.M457 201504a297.092223bMEL/A aMelchert, Christophereauthor.9220410aAhmad Ibn Hanbal /cChristopher Melchert 1aEngland:bOneworld Oxford,c2015. a143pc26 cm. atextbtxt2rdacontent aunmediatedbn2rdamedia avolumebnc2rdacarrier1 aResources in Arabic and Islamic studies ;vnumber 3 aIncludes bibliographical references and index.0 aHadith. The adversaries of Aḥmad Ibn Ḥanbal (1997) -- Bukhārī and early Hadith criticism (2001) -- The Musnad of Ạhmad ibn Ḥanbal: how it was composed and what distinguishes it from the six books (2005) -- Bukhārī and his Ṣaḥiḥ (2010) -- The life and works of Al-Nasāʼī (2014) -- Piety. The transition from asceticism to mysticism at the middle of the ninth Century C.E. (1996) -- Early renunciants as Ḥadīth transmitters (2002) -- The piety of the Hadith folk (2002) -- Baṣran origins of classical sufism (2005) -- Exaggerated fear in the early Islamic renunciant tradition (2011) --Renunciation (zuhd) in the early Shiʻi traditions (2014) -- Law. How Ḥanafism came to originate in Kufa and traditionalism in Medina (1999) -- Traditionist-jurisprudents and the framing of Islamic law (2001) -- The meaning of Qāla ʼl-Shāfiʻī in ninth-century sources (2004) -- Māwardī, Abū Yaʻlá, and the Sunni revival (2010) -- The relation of Ibn Taymiyya and Ibn Qayyim al-Jawziyya and the Ḥanbali School of Law (2013). 0aHistory & geographyvIslamic History92271 7aHadith.2fast0(OCoLC)fst00950112 7aIslam.2fast0(OCoLC)fst00979776 7aHistory.2fast0(OCoLC)fst01411628 0aResources in Arabic and Islamic studies ;v3. a7bcbcccopycatd2encipf20gy-nonroman 2ddccBKh297.092iMEL/Ak297.092mMEL/A